000 01604nam0a2200337 4500
001 RU\NLR\BIBL_A\012080407
005 20190920142421.0
010 _a978-5-94881-449-0
_9500
021 _aRU
_bКН-П-19-053997
_9КН-П-19-3890
035 _a(NLR Aleph) 012080407
035 _a(RuMoRGB)010045207
090 _a11800383
_c11800383
100 _a20190823d2019 u y0rusy50 ca
101 0 _arus
102 _aRU
105 _a ch|z|||000z
200 1 _aМои пять жизней
_eвоспоминания
_fЕкатерина Мышкис
_g[подготовил: Григорий Израилевич Ганзбург]
210 _aМосква
_cНовый хронограф
_d2019
215 _a662, [1] с., [8] л. ил., портр., факс.
_d23
225 1 _aОт первого лица
_eистория России в воспоминаниях, дневниках, письмах
320 _aБиблиогр. в подстроч. примеч.
600 1 _aМышкис
_bЕ. Д.
_f1924 - 2014
_gЕкатерина Дмитриевна
_jВоспоминания, записки и т.п
_92423327
_3RU\NLR\AUTH\6601661517
686 1 _aТ1(2)74-8
686 1 _aЧ489.24(2Ук)7-8Мышкис
700 1 _aМышкис
_bЕ. Д.
_f1924-2014
_gЕкатерина Дмитриевна
702 1 _4570
_7ca
_8rus
_aГанзбург
_bГ. И.
_f1954-
_gГригорий Израилевич
_950631
_3RU\NLR\AUTH\7767703
942 _cBOOK
980 _aNBR
980 _aNB